Catalog

Record Details

Catalog Search



The conscious parent : becoming a reflective and creative parent  Cover Image Book Book

The conscious parent : becoming a reflective and creative parent / Clare Healy Walls

Record details

  • ISBN: 978-1-906018-21-4
  • Physical Description: 239 stran ; 22 cm
  • Publisher: Dublin : Original Writing, 2007

Available copies

  • 0 of 1 copy available at Common Catalog SPOK.

Holds

  • 0 current holds with 1 total copy.
Show Only Available Copies
Location Call Number / Copy Notes Barcode Shelving Location Status Due Date
Montessori Library KNI01085 4614600085 Chodba Checked out 25.06.2022

LDR nam a22 i 4500
00146757
003CZ-PrJAB
00520200716062522.0
007ta
008 s2007 ie e 000 0 eng
020 . ‡a978-1-906018-21-4 ‡q(brožováno)
040 . ‡aABG312 ‡bcze ‡erda
1001 . ‡aWalls, Clare Healy  ‡4aut
24510. ‡aThe conscious parent : ‡bbecoming a reflective and creative parent / ‡cClare Healy Walls
264 1. ‡a Dublin : ‡bOriginal Writing, ‡c2007
300 . ‡a239 stran ; ‡c22 cm
336 . ‡atext ‡btxt ‡2rdacontent
338 . ‡asvazek ‡bnc ‡2rdacarrier
6530 . ‡avýchova ‡arodiče
910 . ‡aABG323
901 . ‡a46757 ‡b ‡c46757 ‡tbiblio

Additional Resources